Ekotoxicita a genotoxicita sedimentov kontaminovaných polychlórovanými bifenylmi dizertačná práca
Guardado en:
| Autor principal: | |
|---|---|
| Formato: | Libro |
| Lenguaje: | eslovaco |
| Publicado: |
Bratislava
STU FCHPT
2013
|
| Acceso en línea: | Ver en el OPAC |
| Etiquetas: |
Sin Etiquetas, Sea el primero en etiquetar este registro!
|
MARC
| LEADER | 00000nam a2200000 a 4500 | ||
|---|---|---|---|
| 005 | 20260127133945.0 | ||
| 008 | 150220 2013 000 0 slo d | ||
| 035 | |a vtls010656016 | ||
| 039 | 9 | |y 201502200940 |z mschk03 | |
| 040 | |a STUSCHK1 |b slo |c STUSCHK1 |e AACR2 | ||
| 100 | 1 | |a Lukáčová, Lucia | |
| 245 | 1 | |a Ekotoxicita a genotoxicita sedimentov kontaminovaných polychlórovanými bifenylmi |b dizertačná práca |c Lucia Lukáčová | |
| 260 | |a Bratislava |b STU FCHPT |c 2013 | ||
| 300 | |a 155 s. |b il. |c 30 cm | ||
| 500 | |a Študijný program: biotechnológia | ||
| 500 | |a Študijný odbor: biotechnológie | ||
| 500 | |a Školiace pracovisko: Odd. biochemickej technológie | ||
| 910 | |a SCHK95 | ||
| 999 | |c 871 |d 871 | ||